| 000 | 00892nam a22002657a 4500 | ||
|---|---|---|---|
| 003 | OSt | ||
| 005 | 20220107122855.0 | ||
| 008 | 190924b xxu||||| |||| 00| 0 eng d | ||
| 020 | _a9789402415292 | ||
| 040 | _cIIITMK | ||
| 082 | _a910.285 WAN/C | ||
| 100 |
_aWang, Shaowen (Eds.) _916851 |
||
| 245 |
_aCyberGIS for geospatial discovery and innovation _cShaowen Wang |
||
| 260 |
_aNetherland, _bSpringer, _c2019. |
||
| 300 | _aviii, 298p. | ||
| 440 |
_aSpringer Series in Geojournal library, _916852 _v118 |
||
| 650 |
_aGIS _917300 |
||
| 650 |
_aGEOGRAPHIC INFORMATION SYSTEM _917301 |
||
| 650 |
_aGEOSPATIAL DATA SCIENCE _917302 |
||
| 650 |
_aCYBER GIS _917303 |
||
| 650 |
_aGEOSPATIAL DISCOVERY AND INNOVATION _917304 |
||
| 700 |
_aGoodchild, Michael F _916853 |
||
| 856 | _uhttps://www.pdfdrive.com/cybergis-for-geospatial-discovery-and-innovation-e188449731.html | ||
| 942 |
_2ddc _cBK |
||
| 999 |
_c6625 _d6625 |
||